000 00698nam a22002057a 4500
005 20150124130454.0
008 140513t nyu||||| |||| 00| 0 eng d
020 _a051788478X
050 0 4 _aPN2055
_bA28 1970
245 0 0 _aActors on acting :
_bThe theories, techniques, and practices of the world´s great actors, told in their own words /
_ceditores Toby Cole, Helen Krinch Chinoy.
250 _a1a ed.
260 _aNew York :
_bThree Rivers Press,
_c1970
300 _axvii, 715 p. ;
_c23 cm.
504 _aBibliografía : p. 670-694 e índice
650 7 _2Lemb
_aActores
650 4 _aActuación
700 1 _aCole, Toby,
_eed.
700 1 _aKrinch Chinoy, Helen,
_eed.
942 _2lcc
_cLIB
999 _c51646
_d51646